Report on economic census, Chandigarh (Record no. 490281)

000 -LEADER
fixed length control field 00448cam a22001217a 4500
008 - FIXED-LENGTH DATA ELEMENTS--GENERAL INFORMATION
fixed length control field 180718b xxu||||| |||| 00| 0 eng d
082 ## - DEWEY DECIMAL CLASSIFICATION NUMBER
Classification number T19065x54332 E
245 ## - TITLE STATEMENT
Title Report on economic census, Chandigarh
Statement of responsibility, etc. by Directorate of Economics and Statistics, Chandigarh
260 ## - PUBLICATION, DISTRIBUTION, ETC.
Place of publication, distribution, etc. Chandigarh
Name of publisher, distributor, etc. The author
Date of publication, distribution, etc.
500 ## - GENERAL NOTE
General note Library has 1998, 2005
650 ## - SUBJECT ADDED ENTRY--TOPICAL TERM
Topical term or geographic name entry element Economic surveys - India - Chandigarh
700 ## - ADDED ENTRY--PERSONAL NAME
Personal name Chandigarh. Directorate of Economics and Statistics
Holdings
Withdrawn status Lost status Damaged status Not for loan Permanent Location Current Location Date acquired Full call number Barcode Date last seen Price effective from Koha item type
        Indian Institute of Public Administration Indian Institute of Public Administration 2018-08-04 T19065x54332 E GG29378 2018-08-04 2018-08-04 GG
        Indian Institute of Public Administration Indian Institute of Public Administration 2018-08-04 T19065x54332 E GG23969 2018-08-04 2018-08-04 GG

Powered by Koha